LAUTECH

Agricultural development in Nigeria 1973-1985 (Record no. 25517)

MARC details
000 -LEADER
fixed length control field 00267nam a2200097Ia 4500
008 - FIXED-LENGTH DATA ELEMENTS--GENERAL INFORMATION
fixed length control field 120527s9999 xx 000 0 und d
100 ## - MAIN ENTRY--AUTHOR
Author FED. MIN OF AGRIC &
245 ## - TITLE STATEMENT
Title Agricultural development in Nigeria 1973-1985
260 ## - PUBLICATION, DISTRIBUTION, ETC. (IMPRINT)
Name of publisher Fed. Min. of Agric & Res
942 ## - ADDED ENTRY ELEMENTS (KOHA)
Item type Books
Holdings
Not for loan Home library Current library Shelving location Date acquired Accen. No. Koha item type
  OLUSEGUN OKE LIBRARY LAUTECH OLUSEGUN OKE LIBRARY LAUTECH   28/05/2012 20120 Books